Real cédula de S.M. y señores del Consejo por la cual se aprueban los estatutos de la Real Sociedad Económica de la ciudad de Segovia / (Record no. 14508)
[ view plain ]
| 000 -LEADER | |
|---|---|
| campo de control de longitud fija | 01218nam a2200289 i 4500 |
| 001 - NÚMERO DE CONTROL | |
| campo de control | 14508 |
| 003 - IDENTIFICADOR DE NÚMERO DE CONTROL | |
| campo de control | ES-MaACL |
| 005 - FECHA Y HORA DE LA ÚLTIMA TRANSACCIÓN | |
| campo de control | 20250902094054.0 |
| 007 - CAMPO FIJO DE DESCRIPCIÓN FÍSICA--INFORMACIÓN GENERAL | |
| campo de control de longitud fija | t| |
| 008 - DATOS DE LONGITUD FIJA--INFORMACIÓN GENERAL | |
| campo de control de longitud fija | 970707r19961781sp ||||0| spa j |
| 040 ## - FUENTE DE CATALOGACIÓN | |
| Centro catalogador/agencia de origen | M-BN |
| Lengua de catalogación | spa |
| Centro/agencia transcriptor | M-BN |
| 080 ## - NÚMERO DE LA CLASIFICACIÓN DECIMAL UNIVERSAL | |
| Número de la Clasificación Decimal Universal | 061.235(460.188 SG.)(060.13) |
| 110 2# - ENTRADA PRINCIPAL--NOMBRE DE ENTIDAD CORPORATIVA | |
| Nombre de entidad corporativa o nombre de jurisdicción como elemento de entrada | España. |
| Unidad subordinada | Rey (1759-1788: Carlos III) |
| 9 (RLIN) | 3960 |
| 245 10 - MENCIÓN DEL TÍTULO | |
| Título | Real cédula de S.M. y señores del Consejo por la cual se aprueban los estatutos de la Real Sociedad Económica de la ciudad de Segovia / |
| Mención de responsabilidad, etc. | introducción por José Manuel Valles Garrido. |
| 250 ## - MENCION DE EDICION | |
| Mención de edición | Ed. facs. |
| 260 ## - PUBLICACIÓN, DISTRIBUCIÓN, ETC. | |
| Lugar de publicación, distribución, etc. | [Segovia] : |
| Nombre del editor, distribuidor, etc. | Asociación Cultural Biblioteca de Ciencia y Artillería, |
| Fecha de publicación, distribución, etc. | D.L. 1996. |
| 300 ## - DESCRIPCIÓN FÍSICA | |
| Extensión | 64, 45 p. ; |
| Dimensiones | 22 cm. |
| 534 ## - NOTA SOBRE LA VERSIÓN ORIGINAL | |
| Frase introductoria | Reprod. de la ed. de: |
| Publicación, distribución, etc. del original | -- Segovia : en la Imprenta de D. Antonio Espinosa, año de 1781. |
| 610 24 - PUNTO DE ACCESO ADICIONAL DE MATERIA--NOMBRE DE ENTIDAD CORPORATIVA | |
| Nombre de entidad corporativa o nombre de jurisdicción como elemento de entrada | Real Sociedad Económica de Amigos del País (Segovia) |
| 9 (RLIN) | 6385 |
| 655 #7 - TERMINO DE INDIZACIÓN--GENERO/FORMA | |
| Fuente del término | tgfbne |
| 9 (RLIN) | 226495 |
| Datos o término principal de género/forma | Facsímiles |
| 700 0# - ENTRADA AGREGADA--NOMBRE PERSONAL | |
| Nombre de persona | Carlos |
| Numeración | III, |
| Títulos y otros términos asociados al nombre | Rey de España |
| 9 (RLIN) | 35305 |
| 700 1# - ENTRADA AGREGADA--NOMBRE PERSONAL | |
| Nombre de persona | Valles Garrido, José Manuel. |
| 9 (RLIN) | 112889 |
| 710 2# - ENTRADA AGREGADA--NOMBRE DE ENTIDAD CORPORATIVA | |
| Nombre de entidad corporativa o nombre de jurisdicción como elemento de entrada | Asociación Cultural Biblioteca de Ciencia y Artillería. |
| 9 (RLIN) | 1531 |
| 852 ## - LOCALIZACIÓN | |
| Ubicación | ES-MaACL |
| Número de control de estantería | L-21841 |
| Sublocalización o colección | R.125480 |
| 942 ## - ELEMENTOS DE ENTRADA SECUNDARIOS (KOHA) | |
| Fuente del sistema de clasificación o colocación | Clasificación decimal universal |
| Estatus retirado | Estado de pérdida | Estado de daño | No para préstamo | Biblioteca de origen | Biblioteca actual | Ubicación en estantería | Fecha de adquisición | Fuente de adquisición | Total de préstamos | Signatura topográfica completa | Código de barras | Visto por última vez | Precio de reemplazo | Tipo de ítem Koha |
|---|---|---|---|---|---|---|---|---|---|---|---|---|---|---|
| Biblioteca del Ateneo de Madrid | Biblioteca del Ateneo de Madrid | Depósito 2 | 17/01/2008 | L-21841 | 1014756 | 23/02/2023 | 23/02/2023 | Libro impreso |
